[Event "Pardubice Czech op-A 34th"]
[Site "Pardubice"]
[Date "2023.07.29"]
[Round "9"]
[White "Kraus, Tomas"]
[Black "Bujnoch, Radek"]
[Result "1-0"]
[WhiteElo "2484"]
[BlackElo "2267"]
[PlyCount "83"]
[EventDate "2023.07.21"]
[EventType "swiss"]
[EventRounds "9"]
[EventCountry "CZE"]
[SourceTitle "CBM 215 Extra"]
[Source "ChessBase"]
[SourceDate "2023.09.30"]
[SourceVersion "1"]
[SourceVersionDate "2023.09.30"]
[SourceQuality "1"]

1. e4 e5 2. Nf3 Nc6 3. d4 exd4 4. Nxd4 Nf6 5. Nxc6 bxc6 6. Nd2 d5 7. exd5 cxd5 8. Bb5+ Bd7 9. Bxd7+ Qxd7 10. 0-0 Be7 11. b3 0-0 12. Bb2 a5 13. a4 c5 14. Re1 Rae8 15. Qf3 Bd8 16. Nf1 Qg4 17. Qxg4 Nxg4 18. h3 Bf6 19. c3 Ne5 20. Rad1 Rb8 21. Ba3 Rxb3 22. Bxc5 Rd8 23. Ne3 Rc8 24. Rxd5 h6 25. Bd4 Nd3 26. Rd1 Nf4 27. Bxf6 Nxd5 28. Nxd5 Rc4 29. Rd4 Rb1+ 30. Kh2 Rc5 31. Be7 Rc8 32. c4 f6 33. Bxf6 Kf7 34. Be5 g5 35. Bc7 Ra8 36. c5 Rc1 37. Bb6 Rc2 38. f4 Rc8 39. fxg5 hxg5 40. Rg4 Rg8 41. Ne3 Rc3 42. Nc4 1-0

[Event "Pardubice Czech op-A 34th"]
[Site "Pardubice"]
[Date "2023.07.28"]
[Round "8"]
[White "Bujnoch, Radek"]
[Black "Sultan, Ibrahim"]
[Result "1/2-1/2"]
[WhiteElo "2267"]
[BlackElo "2042"]
[PlyCount "85"]
[EventDate "2023.07.21"]
[EventType "swiss"]
[EventRounds "9"]
[EventCountry "CZE"]
[SourceTitle "CBM 215 Extra"]
[Source "ChessBase"]
[SourceDate "2023.09.30"]
[SourceVersion "1"]
[SourceVersionDate "2023.09.30"]
[SourceQuality "1"]

1. d4 d5 2. c4 e6 3. Nf3 c6 4. e3 Nf6 5. Nc3 Nbd7 6. Be2 Bd6 7. 0-0 0-0 8. b3 b6 9. Bb2 Bb7 10. Bd3 c5 11. cxd5 Nxd5 12. Nxd5 Bxd5 13. e4 Bb7 14. d5 exd5 15. exd5 Be7 16. Qc2 h6 17. Rad1 Bf6 18. Bc1 Ne5 19. Be4 Re8 20. Be3 Qd6 21. h3 Nxf3+ 22. Bxf3 Bg5 23. Bxg5 hxg5 24. Rfe1 Qf6 25. Qd3 Rxe1+ 26. Rxe1 Rd8 27. a4 g6 28. a5 Kf8 29. axb6 axb6 30. Rd1 Kg7 31. Qc4 Qb2 32. Qb5 Rd6 33. Qc4 Rf6 34. Qd3 Rf4 35. Qe3 Qf6 36. Rd3 Ba6 37. Rd2 Rd4 38. Qc3 Rxd2 39. Qxd2 Qa1+ 40. Kh2 Qe5+ 41. Kg1 Qa1+ 42. Kh2 Qe5+ 43. Kg1 1/2-1/2

[Event "CZE-chT1W 2223"]
[Site "Czech Republic"]
[Date "2023.04.02"]
[Round "11.6"]
[White "Bujnoch, Radek"]
[Black "Havlik, Frantisek"]
[Result "1-0"]
[WhiteElo "2210"]
[BlackElo "1951"]
[PlyCount "75"]
[EventDate "2022.10.09"]
[EventType "team-tourn"]
[EventRounds "11"]
[EventCountry "CZE"]
[SourceTitle "EXT 2024"]
[Source "ChessBase"]
[SourceDate "2023.10.10"]
[SourceVersion "1"]
[SourceVersionDate "2023.10.10"]
[SourceQuality "1"]
[WhiteTeam "Polabiny II"]
[BlackTeam "Ricany Betsys II"]
[WhiteTeamCountry "CZE"]
[BlackTeamCountry "CZE"]

1. d4 Nf6 2. c4 g6 3. Nc3 Bg7 4. e4 d6 5. Nf3 0-0 6. Be2 c5 7. d5 e6 8. 0-0 exd5 9. exd5 Na6 10. h3 Nc7 11. a4 b6 12. Bf4 Nh5 13. Bh2 f5 14. Qd2 Re8 15. Rae1 Qf6 16. Ng5 h6 17. Ne6 Nxe6 18. dxe6 Qd4 19. Qxd4 cxd4 20. Nb5 Bxe6 21. Nxd6 Nf6 22. Nxe8 Rxe8 23. Bd3 Kf7 24. Re2 Bd7 25. Rxe8 Bxe8 26. Be5 Nd7 27. Bxg7 Kxg7 28. Re1 Kf7 29. b4 a5 30. c5 bxc5 31. bxa5 Nf6 32. Bc4+ Kf8 33. a6 d3 34. a7 d2 35. Rd1 Bc6 36. Rxd2 Ke7 37. Re2+ Kd7 38. Re6 1-0

[Event "CZE-chT2D 2223"]
[Site "Czech Republic"]
[Date "2023.02.05"]
[Round "8.4"]
[White "Kosek, Jiri"]
[Black "Bujnoch, Radek"]
[Result "0-1"]
[WhiteElo "2030"]
[BlackElo "2210"]
[PlyCount "124"]
[EventDate "2022.10.16"]
[EventType "team-tourn"]
[EventRounds "11"]
[EventCountry "CZE"]
[SourceTitle "EXT 2024"]
[Source "ChessBase"]
[SourceDate "2023.10.10"]
[SourceVersion "1"]
[SourceVersionDate "2023.10.10"]
[SourceQuality "1"]
[WhiteTeam "Vysoke Myto"]
[BlackTeam "Polabiny IV"]
[WhiteTeamCountry "CZE"]
[BlackTeamCountry "CZE"]

1. d4 d5 2. c4 c6 3. Nc3 Nf6 4. Bg5 dxc4 5. a4 Nd5 6. e4 Nxc3 7. bxc3 b5 8. Nf3 h6 9. Bf4 a6 10. Ne5 e6 11. Rb1 Bd6 12. Qg4 Bxe5 13. Bxe5 Qg5 14. Qxg5 hxg5 15. Bxb8 Rxb8 16. Bxc4 Bb7 17. Bd3 Ke7 18. 0-0 Rhd8 19. Rfd1 Rd7 20. f3 Rbd8 21. Be2 f6 22. Kf2 e5 23. d5 cxd5 24. axb5 axb5 25. Bxb5 Rc7 26. exd5 Rxc3 27. d6+ Rxd6 28. Rxd6 Kxd6 29. Rd1+ Bd5 30. Rd2 f5 31. Be8 e4 32. fxe4 fxe4 33. Re2 Ke5 34. Bg6 Kf4 35. g3+ Ke5 36. Bh7 Kd4 37. Rd2+ Rd3 38. Rb2 Rf3+ 39. Ke1 e3 40. Rb4+ Bc4 41. Rxc4+ Kxc4 42. Ke2 Rf2+ 43. Kxe3 Rxh2 44. Bf5 Kd5 45. Kf3 Ke5 46. Kg4 Kf6 47. Bc8 Rc2 48. Ba6 Rb2 49. Bc8 Rb4+ 50. Kf3 Ke5 51. Bd7 Rc4 52. Be8 g4+ 53. Kf2 Rc2+ 54. Kf1 Rd2 55. Bg6 Kd4 56. Bf5 Ke3 57. Bxg4 g6 58. Kg1 Rd4 59. Bc8 Kf3 60. Kh2 Kf2 61. Be6 Rd3 62. g4 Rd8 0-1

[Event "CZE-chT1W 2223"]
[Site "Czech Republic"]
[Date "2022.11.13"]
[Round "3.3"]
[White "Bujnoch, Radek"]
[Black "Sulcova, Tereza Radmila"]
[Result "1-0"]
[WhiteElo "2210"]
[BlackElo "1685"]
[PlyCount "41"]
[EventDate "2022.10.09"]
[EventType "team-tourn"]
[EventRounds "11"]
[EventCountry "CZE"]
[SourceTitle "CBM 213 Extra"]
[Source "ChessBase"]
[SourceDate "2023.05.31"]
[SourceVersion "1"]
[SourceVersionDate "2023.05.31"]
[SourceQuality "1"]
[WhiteTeam "Polabiny II"]
[BlackTeam "Polabiny III"]
[WhiteTeamCountry "CZE"]
[BlackTeamCountry "CZE"]

1. d4 b5 2. e4 Bb7 3. Bxb5 Bxe4 4. Nf3 Nf6 5. 0-0 e6 6. c4 c5 7. Nc3 Bb7 8. d5 a6 9. Ba4 Qb6 10. Re1 Be7 11. Bc2 exd5 12. cxd5 Qd6 13. Nh4 g6 14. Bg5 0-0 15. Rxe7 Qxe7 16. Qf3 Re8 17. h3 d6 18. Bxf6 Qc7 19. Ba4 Nd7 20. Bxd7 Qxd7 21. Qf4 1-0

[Event "Pardubice Czech op-A 33rd"]
[Site "Pardubice"]
[Date "2022.07.27"]
[Round "6"]
[White "Vojta, Jakub"]
[Black "Bujnoch, Radek"]
[Result "1/2-1/2"]
[WhiteElo "2326"]
[BlackElo "2191"]
[PlyCount "62"]
[EventDate "2022.07.22"]
[EventType "swiss"]
[EventRounds "9"]
[EventCountry "CZE"]
[SourceTitle "CBM 209 Extra"]
[Source "ChessBase"]
[SourceDate "2022.09.30"]
[SourceVersion "1"]
[SourceVersionDate "2022.09.30"]
[SourceQuality "1"]

1. e4 e5 2. Nf3 Nc6 3. Bb5 Nf6 4. d3 Bc5 5. 0-0 Nd4 6. Nxd4 Bxd4 7. c3 Bb6 8. d4 0-0 9. Bg5 d6 10. Qd3 Qe7 11. Nd2 h6 12. Bh4 g5 13. Bg3 Nh5 14. Nc4 f6 15. Ba4 Be6 16. Bb3 Bxc4 17. Bxc4+ Kh8 18. Rad1 Rad8 19. Rfe1 Ng7 20. b4 f5 21. exf5 Nxf5 22. Kh1 Nxg3+ 23. fxg3 d5 24. Bb3 e4 25. Qe2 c6 26. Rf1 Rxf1+ 27. Rxf1 Rf8 28. Rxf8+ Qxf8 29. Kg1 Qf7 30. Bd1 Kg7 31. Qf2 a5 1/2-1/2

[Event "Pardubice Czech op-A 33rd"]
[Site "Pardubice"]
[Date "2022.07.26"]
[Round "5"]
[White "Bujnoch, Radek"]
[Black "Mica, Marek"]
[Result "1/2-1/2"]
[WhiteElo "2191"]
[BlackElo "2304"]
[PlyCount "58"]
[EventDate "2022.07.22"]
[EventType "swiss"]
[EventRounds "9"]
[EventCountry "CZE"]
[SourceTitle "CBM 209 Extra"]
[Source "ChessBase"]
[SourceDate "2022.09.30"]
[SourceVersion "1"]
[SourceVersionDate "2022.09.30"]
[SourceQuality "1"]

1. d4 Nf6 2. c4 e6 3. Nf3 d5 4. Nc3 dxc4 5. e4 b5 6. e5 Nd5 7. Nxb5 Nb6 8. Be2 Be7 9. 0-0 Nc6 10. Be3 0-0 11. Qc1 Rb8 12. Nc3 Bb7 13. Rd1 Nb4 14. a3 Nc6 15. d5 exd5 16. Bxb6 cxb6 17. Nxd5 Qe8 18. Qxc4 Bd8 19. Qe4 g6 20. Bc4 Rc8 21. Ba2 Kg7 22. Re1 Ne7 23. Rad1 Rc5 24. b4 Rxd5 25. Rxd5 Qa4 26. e6 Nxd5 27. Bxd5 Bxd5 28. Qxd5 fxe6 29. Qxe6 Qxa3 1/2-1/2

[Event "Pardubice Czech op-A 33rd"]
[Site "Pardubice"]
[Date "2022.07.25"]
[Round "4"]
[White "Stalmach, Richard"]
[Black "Bujnoch, Radek"]
[Result "1-0"]
[WhiteElo "2363"]
[BlackElo "2191"]
[PlyCount "113"]
[EventDate "2022.07.22"]
[EventType "swiss"]
[EventRounds "9"]
[EventCountry "CZE"]
[SourceTitle "CBM 209 Extra"]
[Source "ChessBase"]
[SourceDate "2022.09.30"]
[SourceVersion "1"]
[SourceVersionDate "2022.09.30"]
[SourceQuality "1"]

1. d4 d5 2. c4 c6 3. Nf3 Nf6 4. Nc3 e6 5. Bg5 Nbd7 6. cxd5 exd5 7. e3 h6 8. Bh4 g5 9. Bg3 Nh5 10. Bd3 Nxg3 11. hxg3 Bg7 12. 0-0 Nb6 13. b4 h5 14. Nd2 g4 15. Ne2 h4 16. Nf4 Qe7 17. Re1 Qxb4 18. a4 Rb8 19. a5 Na8 20. Ra4 Qd6 21. e4 Kf8 22. e5 Qh6 23. e6 hxg3 24. fxg3 Bxe6 25. Nxe6+ fxe6 26. Qxg4 Nc7 27. Nf3 Bf6 28. Ne5 Bxe5 29. dxe5 Ke7 30. Qb4+ Ke8 31. Qd6 Qh2+ 32. Kf2 Rf8+ 33. Rf4 Rxf4+ 34. gxf4 Qh4+ 35. g3 Qe7 36. Rh1 Qxd6 37. exd6 Kd7 38. dxc7 Kxc7 39. g4 c5 40. Bb5 c4 41. Ke3 Kd6 42. g5 Kc5 43. Bd7 Kd6 44. Rh7 b5 45. axb6 axb6 46. g6 Rf8 47. Rf7 Rg8 48. g7 c3 49. Kd4 c2 50. Ba4 e5+ 51. fxe5+ Ke6 52. Rc7 c1Q 53. Rxc1 Rxg7 54. Rc6+ Kf5 55. Rf6+ Kg5 56. Kxd5 Ra7 57. Bc6 1-0

[Event "Pardubice Czech op-A 33rd"]
[Site "Pardubice"]
[Date "2022.07.24"]
[Round "3"]
[White "Bujnoch, Radek"]
[Black "Claridge Hansen, William"]
[Result "1-0"]
[WhiteElo "2191"]
[BlackElo "2345"]
[PlyCount "65"]
[EventDate "2022.07.22"]
[EventType "swiss"]
[EventRounds "9"]
[EventCountry "CZE"]
[SourceTitle "CBM 209 Extra"]
[Source "ChessBase"]
[SourceDate "2022.09.30"]
[SourceVersion "1"]
[SourceVersionDate "2022.09.30"]
[SourceQuality "1"]

1. d4 Nf6 2. c4 e6 3. Nf3 a6 4. Nc3 d5 5. c5 b6 6. cxb6 c5 7. Bf4 Bd6 8. Bxd6 Qxd6 9. dxc5 Qxc5 10. Qd4 Qd6 11. e3 Nbd7 12. Be2 0-0 13. 0-0 e5 14. Qh4 Qxb6 15. b3 Bb7 16. Rac1 Rfe8 17. Qa4 Rac8 18. Rfd1 Nf8 19. Qa3 Ng6 20. Na4 Qa7 21. Nc5 d4 22. Nxb7 Qxb7 23. Qxa6 Qb8 24. Rxc8 Rxc8 25. exd4 exd4 26. Nxd4 Rd8 27. Nc6 Rxd1+ 28. Bxd1 Qe8 29. Be2 Nd5 30. Bf1 Qe1 31. Qc8+ Nf8 32. Qd8 Qe6 33. Qxd5 1-0

[Event "Prague op"]
[Site "Prague"]
[Date "2022.06.11"]
[Round "2"]
[White "Bujnoch, Radek"]
[Black "Petr, Martin"]
[Result "1/2-1/2"]
[WhiteElo "2218"]
[BlackElo "2488"]
[PlyCount "97"]
[EventDate "2022.06.10"]
[EventType "swiss"]
[EventRounds "9"]
[EventCountry "CZE"]
[SourceTitle "CBM 208 Extra"]
[Source "ChessBase"]
[SourceDate "2022.07.31"]
[SourceVersion "1"]
[SourceVersionDate "2022.07.31"]
[SourceQuality "1"]

1. d4 d5 2. c4 e6 3. Nf3 c6 4. e3 Nf6 5. Nc3 Nbd7 6. Be2 dxc4 7. a4 Bd6 8. Nd2 0-0 9. Nxc4 Bc7 10. b3 e5 11. Ba3 Re8 12. 0-0 exd4 13. Qxd4 Nb6 14. Nd6 Re6 15. Rad1 Nbd5 16. Nxd5 cxd5 17. Nxc8 Rxc8 18. Bf3 Be5 19. Qxa7 Ra8 20. Qc5 Nd7 21. Qxd5 Bxh2+ 22. Kh1 Rh6 23. Bg4 Qb8 24. Bh3 Nf6 25. Qd4 Be5 26. Bd6 Bxd6 27. Qxd6 Ne4 28. Qxb8+ Rxb8 29. Rd4 Nc5 30. Rfd1 Kf8 31. Rb4 Ke7 32. Rd5 Rc6 33. Rb5 b6 34. a5 Na6 35. Rd7+ Kf8 36. Ra7 bxa5 37. Rxb8+ Nxb8 38. Rxa5 Rb6 39. Ra3 Na6 40. Bf5 Nb4 41. g4 Ke7 42. Kg2 Kf6 43. f4 h5 44. Ra5 hxg4 45. Bxg4 Nc2 46. Rf5+ Ke7 47. Re5+ Kf6 48. Rf5+ Ke7 49. Re5+ 1/2-1/2

[Event "CZE-chT1W 2122"]
[Site "Czech Republic"]
[Date "2022.01.09"]
[Round "6.4"]
[White "Bujnoch, Radek"]
[Black "Fajman, Petr"]
[Result "1-0"]
[WhiteElo "2195"]
[BlackElo "2170"]
[PlyCount "89"]
[EventDate "2021.10.10"]
[EventType "team-tourn"]
[EventRounds "11"]
[EventCountry "CZE"]
[SourceTitle "EXT 2023"]
[Source "ChessBase"]
[SourceDate "2022.10.05"]
[SourceVersion "1"]
[SourceVersionDate "2022.10.05"]
[SourceQuality "1"]
[WhiteTeam "Polabiny II"]
[BlackTeam "Neratovice"]
[WhiteTeamCountry "CZE"]
[BlackTeamCountry "CZE"]

1. e4 c5 2. c3 Nf6 3. e5 Nd5 4. Bc4 Nb6 5. Bb3 c4 6. Bc2 Nc6 7. Nf3 g6 8. 0-0 Bg7 9. Qe2 0-0 10. b3 d5 11. exd6 exd6 12. bxc4 Re8 13. Qd1 Nxc4 14. d3 N4e5 15. d4 Nxf3+ 16. Qxf3 d5 17. a4 Be6 18. Nd2 Rc8 19. Bd3 Qa5 20. Bb5 a6 21. Nb3 Qb6 22. Bxc6 Qxb3 23. Bxe8 Rxe8 24. Bd2 Bf5 25. Rfe1 Rc8 26. Qe3 Bf8 27. h4 h5 28. f3 Qc4 29. Qg5 Bd7 30. a5 Qc6 31. Rab1 Bf5 32. Rb6 Qd7 33. Re5 Rc6 34. Rxc6 bxc6 35. Qe3 Be6 36. Qd3 Bd6 37. Re1 Bg3 38. Re2 Qc8 39. Bg5 Bc7 40. Rb2 Bf5 41. Qe3 Bxa5 42. Bf4 Qe6 43. Rb8+ Kg7 44. Be5+ f6 45. Rb7+ 1-0

[Event "CZE-chT1W 1920"]
[Site "Czech Republic"]
[Date "2020.06.14"]
[Round "11.7"]
[White "Rous, Daniel"]
[Black "Bujnoch, Radek"]
[Result "1/2-1/2"]
[WhiteElo "2227"]
[BlackElo "2179"]
[PlyCount "136"]
[EventDate "2019.10.20"]
[EventType "team-tourn"]
[EventRounds "11"]
[EventCountry "CZE"]
[SourceTitle "EXT 2021"]
[Source "ChessBase"]
[SourceDate "2020.10.23"]
[SourceVersion "1"]
[SourceVersionDate "2020.10.23"]
[SourceQuality "1"]
[WhiteTeam "Praha DP EA Hotels"]
[BlackTeam "Polabiny II"]
[WhiteTeamCountry "CZE"]
[BlackTeamCountry "CZE"]

1. Nf3 d5 2. c4 c6 3. b3 Bg4 4. Bb2 Nd7 5. e3 Ngf6 6. Be2 e6 7. h3 Bh5 8. Nc3 Bd6 9. cxd5 cxd5 10. Nb5 Bb8 11. Ba3 Ne4 12. d3 Ng3 13. fxg3 Qa5+ 14. Kf2 Qxb5 15. Rc1 Nb6 16. Qd2 Bxf3 17. gxf3 d4 18. exd4 f6 19. f4 Qd7 20. Rhe1 Kf7 21. Kg2 Bd6 22. Bc5 Rhd8 23. Bf3 Bf8 24. Qe2 Nd5 25. Kh2 Re8 26. Qg2 Red8 27. Bxf8 Kxf8 28. Bxd5 exd5 29. Rc2 Rac8 30. Rce2 Re8 31. Rxe8+ Rxe8 32. Rxe8+ Kxe8 33. Qe2+ Kf7 34. Qh5+ Kg8 35. h4 g6 36. Qf3 h5 37. Kg2 Kf7 38. a3 Qe6 39. b4 b5 40. Qf2 Qc8 41. Qa2 Qc6 42. Qd2 Qc8 43. Qa2 Qc6 44. Qb3 a6 45. Qa2 Qe6 46. Qd2 Kg7 47. Kg1 Kh7 48. Kg2 Kg7 49. Qf2 Kh7 50. Qf3 Kg7 51. Kf2 Kh7 52. Qh1 Kg7 53. Qc1 Qh3 54. Qg1 Qe6 55. Qf1 Kf7 56. Qc1 Kg7 57. Qc7+ Kg8 58. Qb8+ Kg7 59. Qd8 Kf7 60. Qh8 Qh3 61. Qh7+ Kf8 62. Qh6+ Kf7 63. Qh7+ Kf8 64. Qxg6 Qh2+ 65. Kf1 Qh1+ 66. Kf2 Qh2+ 67. Kf3 Qh1+ 68. Kf2 Qh2+ 1/2-1/2

[Event "CZE-chT2D 1920"]
[Site "Czech Republic"]
[Date "2019.10.13"]
[Round "1.3"]
[White "Vesely, Tomas"]
[Black "Bujnoch, Radek"]
[Result "1/2-1/2"]
[WhiteElo "2035"]
[BlackElo "2179"]
[PlyCount "81"]
[EventDate "2019.10.13"]
[EventType "team-tourn"]
[EventRounds "11"]
[EventCountry "CZE"]
[SourceTitle "EXT 2024"]
[Source "ChessBase"]
[SourceDate "2023.10.10"]
[SourceVersion "1"]
[SourceVersionDate "2023.10.10"]
[SourceQuality "1"]
[WhiteTeam "Pardubice Rapid"]
[BlackTeam "Polabiny III"]
[WhiteTeamCountry "CZE"]
[BlackTeamCountry "CZE"]

1. e4 c5 2. Nc3 Nc6 3. Nf3 Nf6 4. Bb5 Qc7 5. 0-0 Nd4 6. Bc4 e6 7. Re1 Ng4 8. g3 Nxf3+ 9. Qxf3 Ne5 10. Qe2 Nxc4 11. Qxc4 a6 12. a4 Qa5 13. e5 d5 14. exd6 Bxd6 15. b3 0-0 16. Ba3 Be7 17. Ne4 b5 18. axb5 axb5 19. Qe2 Qc7 20. Bb2 Rxa1 21. Rxa1 b4 22. Qh5 f6 23. d3 Qc6 24. Qe2 Bb7 25. f3 Ra8 26. Rxa8+ Bxa8 27. Kf2 Kf7 28. Nd2 Qa6 29. Nc4 g6 30. Qe3 Bd5 31. Qh6 Kg8 32. Qf4 Bxc4 33. Qxc4 Qxc4 34. dxc4 Kf7 35. c3 bxc3 36. Bxc3 e5 37. g4 Ke6 38. Ke3 f5 39. h3 h5 40. Ba5 hxg4 41. hxg4 1/2-1/2

[Event "CZE-chT2D 1819"]
[Site "Czech Republic"]
[Date "2019.03.31"]
[Round "11.2"]
[White "Sedlacek, Oldrich"]
[Black "Bujnoch, Radek"]
[Result "1/2-1/2"]
[WhiteElo "2208"]
[BlackElo "2213"]
[PlyCount "46"]
[EventDate "2018.10.14"]
[EventType "team-tourn"]
[EventRounds "11"]
[EventCountry "CZE"]
[SourceTitle "EXT 2022"]
[Source "ChessBase"]
[SourceDate "2021.10.06"]
[SourceVersion "1"]
[SourceVersionDate "2021.10.06"]
[SourceQuality "1"]
[WhiteTeam "Dalesice Pivovar"]
[BlackTeam "Chrudim"]
[WhiteTeamCountry "CZE"]
[BlackTeamCountry "CZE"]

1. Nf3 d5 2. g3 Nf6 3. Bg2 c6 4. 0-0 Bg4 5. Ne5 Bh5 6. d4 e6 7. c4 Bd6 8. cxd5 cxd5 9. Nc3 0-0 10. Qb3 Nc6 11. Nxc6 bxc6 12. e4 Be7 13. Bf4 Qb6 14. Qxb6 axb6 15. Rfc1 Rfc8 16. a3 Bg6 17. exd5 Nxd5 18. Nxd5 cxd5 19. Bf1 Bf6 20. Be3 Kf8 21. Rxc8+ Rxc8 22. b4 Be7 23. Rc1 Rxc1 1/2-1/2

[Event "CZE-chT1W 1819"]
[Site "Czech Republic"]
[Date "2019.03.24"]
[Round "10.6"]
[White "Bujnoch, Radek"]
[Black "Cesal, Jaroslav"]
[Result "1/2-1/2"]
[WhiteElo "2213"]
[BlackElo "2177"]
[PlyCount "23"]
[EventDate "2018.10.21"]
[EventType "team-tourn"]
[EventRounds "11"]
[EventCountry "CZE"]
[SourceTitle "CBM 189 Extra"]
[Source "ChessBase"]
[SourceDate "2019.06.03"]
[SourceVersion "1"]
[SourceVersionDate "2019.06.03"]
[SourceQuality "1"]
[WhiteTeam "Polabiny"]
[BlackTeam "Kozolupy"]
[WhiteTeamCountry "CZE"]
[BlackTeamCountry "CZE"]

1. e4 g6 2. d4 Bg7 3. c3 d6 4. Nf3 Nf6 5. Bd3 0-0 6. 0-0 Bg4 7. Be3 Nc6 8. Nbd2 e5 9. dxe5 Nxe5 10. Be2 Nxf3+ 11. Bxf3 Bxf3 12. Qxf3 1/2-1/2

[Event "CZE-chT1W 1819"]
[Site "Czech Republic"]
[Date "2019.03.03"]
[Round "9.8"]
[White "Jandourek, Lukas"]
[Black "Bujnoch, Radek"]
[Result "1/2-1/2"]
[WhiteElo "2230"]
[BlackElo "2213"]
[PlyCount "104"]
[EventDate "2018.10.21"]
[EventType "team-tourn"]
[EventRounds "11"]
[EventCountry "CZE"]
[SourceTitle "CBM 189 Extra"]
[Source "ChessBase"]
[SourceDate "2019.06.03"]
[SourceVersion "1"]
[SourceVersionDate "2019.06.03"]
[SourceQuality "1"]
[WhiteTeam "Neratovice"]
[BlackTeam "Polabiny"]
[WhiteTeamCountry "CZE"]
[BlackTeamCountry "CZE"]

1. d4 d5 2. c4 c6 3. Nc3 Nf6 4. cxd5 cxd5 5. Bf4 Nc6 6. e3 Bf5 7. Qb3 Na5 8. Qa4+ Bd7 9. Qc2 e6 10. Bd3 Rc8 11. Nf3 b5 12. a3 b4 13. axb4 Bxb4 14. 0-0 Qb6 15. Bg5 Bb5 16. Bxb5+ Qxb5 17. Nxb5 Rxc2 18. Rac1 Rxc1 19. Rxc1 0-0 20. Nxa7 Ra8 21. Bxf6 gxf6 22. Rc8+ Rxc8 23. Nxc8 Nc4 24. Kf1 Nxb2 25. Nb6 Kf8 26. Ne1 Ke8 27. Nc2 Bd6 28. Nc8 Bb8 29. Nb4 Kd8 30. Nb6 Bd6 31. N4xd5 exd5 32. Nxd5 Be7 33. g4 Kd7 34. Ke2 Bd8 35. e4 Nc4 36. Kd3 Nb6 37. Nc3 Bc7 38. h3 Ke6 39. Ke3 Bd6 40. f4 Bb4 41. Nb5 Kd7 42. d5 Bc5+ 43. Kd3 Bd6 44. Nxd6 Kxd6 45. Kd4 Nd7 46. h4 h6 47. g5 hxg5 48. hxg5 fxg5 49. e5+ Ke7 50. fxg5 Nf8 51. e6 fxe6 52. dxe6 Nxe6+ 1/2-1/2

[Event "CZE-chT2D 1819"]
[Site "Czech Republic"]
[Date "2019.01.27"]
[Round "7.2"]
[White "Polak, Benedikt"]
[Black "Bujnoch, Radek"]
[Result "1/2-1/2"]
[WhiteElo "2170"]
[BlackElo "2213"]
[PlyCount "98"]
[EventDate "2018.10.14"]
[EventType "team-tourn"]
[EventRounds "11"]
[EventCountry "CZE"]
[SourceTitle "EXT 2022"]
[Source "ChessBase"]
[SourceDate "2021.10.06"]
[SourceVersion "1"]
[SourceVersionDate "2021.10.06"]
[SourceQuality "1"]
[WhiteTeam "Kutna Hora"]
[BlackTeam "Chrudim"]
[WhiteTeamCountry "CZE"]
[BlackTeamCountry "CZE"]

1. Nf3 d5 2. c4 c6 3. e3 Nf6 4. Nc3 e6 5. b3 Nbd7 6. Qc2 b6 7. Bb2 Bb7 8. Be2 Be7 9. Rg1 Qc7 10. g4 h6 11. h4 0-0-0 12. g5 hxg5 13. hxg5 Ne8 14. cxd5 exd5 15. Rc1 Kb8 16. Qf5 Nd6 17. Qg4 c5 18. Nb5 Nxb5 19. Bxb5 f6 20. Nd4 Nf8 21. Nf5 Bc8 22. Qf3 Bxf5 23. Qxf5 d4 24. Be2 Qd6 25. exd4 Ne6 26. d3 Nxd4 27. Bxd4 Qxd4 28. Qe4 Qxe4 29. dxe4 fxg5 30. Bc4 Bf6 31. Ke2 Rh2 32. Rh1 Rdh8 33. Rxh2 Rxh2 34. Kf3 g4+ 35. Kxg4 Rxf2 36. a4 Kc7 37. Rf1 Rg2+ 38. Kf4 Kd6 39. Rd1+ Bd4 40. e5+ Ke7 41. e6 Rh2 42. Ke4 Kd6 43. Rf1 Rh4+ 44. Kf5 Bf6 45. Rd1+ Rd4 46. Re1 Ke7 47. Rh1 Rh4 48. Rd1 Rd4 49. Rh1 Rh4 1/2-1/2

[Event "CZE-chT2D 1819"]
[Site "Czech Republic"]
[Date "2018.12.02"]
[Round "4.2"]
[White "Bujnoch, Radek"]
[Black "Kastner, Oldrich"]
[Result "1/2-1/2"]
[WhiteElo "2213"]
[BlackElo "2034"]
[PlyCount "117"]
[EventDate "2018.10.14"]
[EventType "team-tourn"]
[EventRounds "11"]
[EventCountry "CZE"]
[SourceTitle "EXT 2022"]
[Source "ChessBase"]
[SourceDate "2021.10.06"]
[SourceVersion "1"]
[SourceVersionDate "2021.10.06"]
[SourceQuality "1"]
[WhiteTeam "Chrudim"]
[BlackTeam "Policka Stefanydes"]
[WhiteTeamCountry "CZE"]
[BlackTeamCountry "CZE"]

1. e4 e6 2. d4 d5 3. Nd2 Nf6 4. e5 Nfd7 5. Bd3 c5 6. c3 Nc6 7. Ne2 cxd4 8. cxd4 f6 9. exf6 Nxf6 10. Nf3 Bd6 11. 0-0 Qc7 12. h3 0-0 13. Be3 Bd7 14. Re1 Rac8 15. a3 Qb8 16. b4 Be8 17. Ng5 Bf7 18. Qd2 h6 19. Nxf7 Rxf7 20. Rac1 Rff8 21. Bb1 Ne7 22. Rxc8 Nxc8 23. Bf4 Ne4 24. Bxe4 Bxf4 25. Nxf4 Qxf4 26. Qxf4 Rxf4 27. Bf3 Kf7 28. Bg4 Rf6 29. Rc1 Nd6 30. Rc7+ Kf8 31. Rd7 Nc4 32. Rxb7 Nxa3 33. Rxa7 Nb5 34. Rb7 Nxd4 35. b5 Rf7 36. Rb8+ Ke7 37. Bh5 Rf8 38. Rb7+ Kf6 39. b6 g6 40. Bd1 Ke5 41. Rh7 Rb8 42. b7 h5 43. Kf1 h4 44. Ba4 Nf5 45. Ke2 Kd6 46. Bc2 Ne7 47. Rxh4 Rxb7 48. Rg4 Rb2 49. Kd1 e5 50. Kc1 Ra2 51. Kb1 Ra6 52. Bxg6 Kc5 53. Bc2 Nc6 54. h4 Nd4 55. h5 e4 56. Rg8 Rf6 57. f3 Nxc2 58. Kxc2 exf3 59. gxf3 1/2-1/2

[Event "Pardubice Czech op-E 29th"]
[Site "Pardubice"]
[Date "2018.07.13"]
[Round "2"]
[White "Bujnoch, Radek"]
[Black "Valtr, Tomas"]
[Result "1-0"]
[WhiteElo "2208"]
[BlackElo "1944"]
[PlyCount "85"]
[EventDate "2018.07.12"]
[EventType "team"]
[EventRounds "7"]
[EventCountry "CZE"]
[SourceTitle "EXT 2019"]
[Source "ChessBase"]
[SourceDate "2018.10.10"]
[SourceVersion "1"]
[SourceVersionDate "2018.10.10"]
[SourceQuality "1"]
[WhiteTeam "Polabiny"]
[BlackTeam "Lysa nad Labem Joly"]
[WhiteTeamCountry "CZE"]
[BlackTeamCountry "CZE"]

1. e4 c6 2. d4 d5 3. e5 c5 4. dxc5 e6 5. Be3 Nh6 6. c3 Nf5 7. Bd4 Nxd4 8. Qxd4 Nc6 9. Bb5 Qg5 10. g3 Qc1+ 11. Qd1 Qxb2 12. Bxc6+ bxc6 13. Nd2 Qxc3 14. Ngf3 Ba6 15. Rc1 Qd3 16. Nb3 Qe4+ 17. Kd2 g6 18. Nfd4 Bh6+ 19. f4 Qd3+ 20. Ke1 Qe3+ 21. Ne2 Qxe2+ 22. Qxe2 Bxe2 23. Kxe2 a5 24. Rb1 Kd7 25. Rb2 Rhb8 26. Rhb1 Kc7 27. Nd4 Rxb2+ 28. Rxb2 Bf8 29. Rb6 a4 30. Kd3 Ra5 31. Rxc6+ Kd7 32. Rb6 Rxc5 33. Ra6 Rc4 34. Ra7+ Kd8 35. Rxf7 Bb4 36. Nxe6+ Ke8 37. Rxh7 Rc3+ 38. Kd4 Rc2 39. Nc7+ Kd8 40. Nxd5 Bc5+ 41. Kd3 Rxa2 42. e6 Ra1 43. Rh8+ 1-0